000 01122nam a2200277Ia 4500
005 20240530110951.0
008 140319s2007 xx 000 0 ara d
040 _aGCL /
_cGCL
082 0 4 _a657.9 /
_bم ن
100 1 _aمحمد عباس بدوى
245 1 0 _aالنظام المحاسبي للمنظمات الهادفة للربح وغير الهادفة للربح /
_c تاليف محمد عباس بدوى ؛ الاميرة ابراهيم عثمان
250 _aالاولى
260 _aالاسكندرية :
_bالمكتب الجامعى الحديث ،
_c2007
300 _a484 ص ؛
_c24 سم
650 0 4 _aمراجعة الحسابات
650 0 4 _aالمحاسبة
650 0 4 _aالمحاسبة الحكومية
650 0 4 _aالنظام المحاسبى الموحد
650 0 4 _aالتقارير المالية
650 0 4 _aالمنظمات
650 0 4 _aالدخل القومى
650 0 4 _aالمحاسبة القومية
700 _aالاميرة ابراهيم عثمان
_eمؤلف مشارك
942 _2ddc
_cBK
999 _c67008
_d67008